مكتبة جامعة عجلون الوطنية

فهرس بحث المكتبة

 تعليم الأمة العربية في القرن الحادي و العشرين التقرير التلخيص لمشروع مستقبل التعليم في الوطن العربي ، الكارثة او الأمل (Record no. 29105)

MARC details
000 -LEADER
fixed length control field 00963nam a2200217Ii 4500
003 - CONTROL NUMBER IDENTIFIER
control field JO-AjNU
008 - FIXED-LENGTH DATA ELEMENTS--GENERAL INFORMATION
fixed length control field 230605s9999||||xx |||||||||||||| ||und||
017 ## - COPYRIGHT OR LEGAL DEPOSIT NUMBER
Copyright or legal deposit number 1990/12/798
040 ## - CATALOGING SOURCE
Original cataloging agency JO-AjNU
Language of cataloging ara
Description conventions rda
Transcribing agency JO-AjNU
041 ## - LANGUAGE CODE
Language code of text/sound track or separate title ara
050 14 - LIBRARY OF CONGRESS CALL NUMBER
Classification number LA1490.T34 1991
100 3# - MAIN ENTRY--PERSONAL NAME
Personal name تحرير ابراهيم ، سعد الدين ,
Relator term author
9 (RLIN) 57039
245 00 - TITLE STATEMENT
Title  تعليم الأمة العربية في القرن الحادي و العشرين التقرير التلخيص لمشروع مستقبل التعليم في الوطن العربي ، الكارثة او الأمل
250 ## - EDITION STATEMENT
Edition statement ط1
264 31 - PRODUCTION, PUBLICATION, DISTRIBUTION, MANUFACTURE, AND COPYRIGHT NOTICE
Place of production, publication, distribution, manufacture عمان : المنتدى الفكر العربي ،1991
300 ## - PHYSICAL DESCRIPTION
Extent 160ص
Other physical details يحتوي على ملاحق وجداول
336 ## - CONTENT TYPE
Content type term text
Content type code txt
Source rdacontent
337 ## - MEDIA TYPE
Media type term unmediated
Media type code n
Source rdamedia
338 ## - CARRIER TYPE
Carrier type term volume
Carrier type code nc
Source rdacarrier
650 #4 - SUBJECT ADDED ENTRY--TOPICAL TERM
Topical term or geographic name entry element التعليم -البلاد العربية -تقارير-التخطيط التربوي
9 (RLIN) 57040
Holdings
Withdrawn status Lost status Source of classification or shelving scheme Damaged status Not for loan Home library Current library Shelving location Date acquired Total Checkouts Full call number Barcode Date last seen Price effective from Koha item type
    Library of Congress Classification     مكتبة جامعة عجلون الوطنية مكتبة جامعة عجلون الوطنية المجموعات العامة 06/06/2023   LA1490.T34 1991 A25537 06/06/2023 06/06/2023 Books